000 00839nam a2200313 a 4500
003 AR-BaBNM
005 20251128204211.0
008 082120s2002 ||||||||||||||000 | spa||
020 _a84-277-1004-6
040 _cAR-BaBNM
100 1 _aLehmann, Elena
245 0 0 _aCanta, toca, brinca y danza
_bsugerencias para la educación musical de los más pequeños
260 _aMadrid
_bNarcea
_c1992
300 _a134 p.
_bil.
490 0 _aPrimeros años
500 _aContiene música y letras de canciones
650 4 _aEDUCACION MUSICAL
650 4 _aDANZA
650 4 _aAPTITUD CREADORA
650 4 _aESTIMULOS AUDITIVOS
650 4 _aCANTO
650 4 _aACUSTICA
650 4 _aINSTRUMENTOS MUSICALES
650 4 _aCANCIONES
653 _aMOTRICIDAD
653 _aEDUCACION INICIAL
942 _cBK
998 _cCarmen
999 _c6578
_d6578